[Event "EU-ch Blitz"]
[Site "Katowice"]
[Date "2022.12.16"]
[Round "10"]
[White "Czernek, Tymon"]
[Black "Grobelny, Mikolaj"]
[Result "1-0"]
[WhiteElo "2302"]
[BlackElo "1503"]
[PlyCount "41"]
[EventDate "2022.12.16"]
[EventType "swiss (blitz)"]
[EventRounds "22"]
[EventCountry "POL"]
[SourceTitle "CBM 211 Extra"]
[Source "ChessBase"]
[SourceDate "2023.01.31"]
[SourceVersion "1"]
[SourceVersionDate "2023.01.31"]
[SourceQuality "1"]

1. e4 c5 2. Nf3 e6 3. d4 cxd4 4. Nxd4 Nf6 5. Nc3 Nc6 6. a3 Qc7 7. Be3 a6 8. Be2 Be7 9. 0-0 0-0 10. f4 d5 11. exd5 Nxd5 12. Nxd5 exd5 13. Bf3 Rd8 14. c3 Nxd4 15. Bxd4 Qxf4 16. Bxd5 Qd6 17. Bxf7+ Kh8 18. Kh1 Bd7 19. Qh5 Bf6 20. Rxf6 gxf6 21. Qh6 1-0

[Event "POL-ch U12"]
[Site "Uniejow"]
[Date "2021.07.24"]
[Round "8"]
[White "Grobelny, Mikolaj"]
[Black "Uhryn, Mateusz"]
[Result "0-1"]
[WhiteElo "1508"]
[BlackElo "1377"]
[PlyCount "98"]
[EventDate "2021.07.18"]
[EventType "swiss"]
[EventRounds "9"]
[EventCountry "POL"]
[SourceTitle "EXT 2022"]
[Source "ChessBase"]
[SourceDate "2021.10.06"]
[SourceVersion "1"]
[SourceVersionDate "2021.10.06"]
[SourceQuality "1"]

1. e4 c5 2. Nf3 Nc6 3. Bb5 g6 4. 0-0 Bg7 5. Re1 e5 6. b4 Nd4 7. Nxd4 cxd4 8. Na3 Ne7 9. f4 0-0 10. d3 a6 11. Bc4 b5 12. Bb3 Bb7 13. Rf1 d5 14. f5 Nc8 15. Bxd5 Bxd5 16. exd5 Nb6 17. h4 Qxh4 18. Qf3 gxf5 19. Qxf5 Nxd5 20. Bg5 Qh5 21. Rf3 Qg6 22. Qe4 Qxe4 23. dxe4 Nc3 24. Re1 h6 25. Bh4 Nxa2 26. Ref1 Ra7 27. Ra1 Nc3 28. Re1 a5 29. bxa5 Rxa5 30. Be7 Rfa8 31. Ref1 f6 32. Nb1 Nxb1 33. Rxb1 Kf7 34. Bd6 Ra1 35. Rff1 Rxb1 36. Rxb1 Rc8 37. Rxb5 Rxc2 38. Rb7+ Kg6 39. Rb6 Kg5 40. Rb7 Kg6 41. Rb6 d3 42. Kf1 Rc1+ 43. Kf2 d2 44. Bxe5 d1Q 45. Rxf6+ Bxf6 46. Bxf6 Kxf6 47. e5+ Kf5 48. g4+ Kf4 49. e6 Rc2# 0-1